Oiseaux par images - Niveau Moyen - Statistiques

Statistiques générales
  • Ce quiz a été pris 76 fois
  • Le résultat moyen est 9 sur 15
Statistiques - réponses
Par images Réponse % Correct
Martin-pêcheur d'Europe
93%
Héron cendré
85%
Buse variable
79%
Grand cormoran
75%
Mésange bleue
75%
Pic épeiche
62%
Mésange charbonnière
61%
Pic vert
61%
Perdrix rouge
54%
Grive musicienne
52%
Sterne pierregarin
52%
Bergeronnette grise
51%
Rossignol philomèle
44%
Alouette des champs
36%
Tadorne de Belon
21%
Aucun quiz correspondant
Distribution des résultats
% des personnes avec chaque résultat
Percentile par nombre de réponses
Votre historique - résultats
Vous n’avez pas pris ce quiz